| 000 | 004430000a22001810004500 | ||
|---|---|---|---|
| 003 | MACL | ||
| 005 | 20151217154305.0 | ||
| 008 | 151217b xxu||||| |||| 00| 0 eng d | ||
| 040 |
_aMACL _cMACL |
||
| 041 | _aEnglish | ||
| 082 | _a030/BAR | ||
| 100 |
_aBarry, Charles P _920896 |
||
| 245 |
_aColliers Encyclopedia _bVol 5 |
||
| 260 |
_bP F Collier & Son _c1952 |
||
| 350 | _a50 | ||
| 650 |
_aEncyclopaedia _920897 |
||
| 942 |
_cBK _k030/BAR _2ddc |
||
| 999 |
_c40476 _d40476 |
||